000 00781nam a22002417a 4500
001 BR8904491
003 BR-BrBNA
005 20230928093311.0
007 ta
008 230509b bl.||||| |||| 00| 0 por d
040 _aBR-BrBNA
_bpor
_cBiblioteca Nacional de Agricultura
041 _a(Spa)
072 _aE70; E10
090 _ E70 BR8904491
110 1 _aSuperintendencia do Desenvolvimento do Nordeste, Petrolina, PE (Brasil)
_910136
245 1 _aLa comercializacion y el desarrollo economico
_bMaterial distribuido no 1. Curso de Comercializacao de Produtos Agropecuarios
260 3 _aPetrolina, PE (Brasil):
_c1972.
300 _a9 p.
650 _aPOLITICA COMERCIAL
650 _aDESENVOLVIMENTO ECONOMICO
909 _a202309
_bLucia
_c55
_dLucia Elande
942 _cBK
999 _c44179
_d44179